| 000 | 00467nam a22001817a 4500 | ||
|---|---|---|---|
| 999 |
_c35878 _d35878 |
||
| 003 | OSt | ||
| 005 | 20220822184030.0 | ||
| 008 | 220822b ||||| |||| 00| 0 spa d | ||
| 020 | _a978-0-06-165597-5 | ||
| 040 | _cBiblioteca Ernesto Sábato | ||
| 092 |
_a813.6 _bG878 _eBDGR |
||
| 100 | _aGross, Andrew | ||
| 245 | _a15 seconds | ||
| 260 |
_aNew York _bWilliam Morrow _c2012 |
||
| 300 | _a324 p. | ||
| 650 | _aLITERATURA ESTADOUNIDENSE-NOVELAS | ||
| 942 |
_2ddc _cBDGR |
||